MARC details
| 001 - CONTROL NUMBER |
| control field |
23216392 |
| 003 - CONTROL NUMBER IDENTIFIER |
| control field |
00000 |
| 005 - DATE AND TIME OF LATEST TRANSACTION |
| control field |
20260312113529.0 |
| 008 - FIXED-LENGTH DATA ELEMENTS--GENERAL INFORMATION |
| fixed length control field |
230706t20232023paua bf 001 0 eng |
| 010 ## - LIBRARY OF CONGRESS CONTROL NUMBER |
| LC control number |
2023277615 |
| 020 ## - INTERNATIONAL STANDARD BOOK NUMBER |
| International Standard Book Number |
9781975177515 |
| 035 ## - SYSTEM CONTROL NUMBER |
| System control number |
23216392 |
| 035 ## - SYSTEM CONTROL NUMBER |
| System control number |
(OCoLC)1284287022 |
| 040 ## - CATALOGING SOURCE |
| Original cataloging agency |
YDX |
| Language of cataloging |
eng |
| Description conventions |
rda |
| Transcribing agency |
YDX |
| Modifying agency |
OKR |
| -- |
OCLCO |
| -- |
CDX |
| -- |
IBI |
| -- |
K6U |
| -- |
DLC |
| 042 ## - AUTHENTICATION CODE |
| Authentication code |
lccopycat |
| 050 00 - LIBRARY OF CONGRESS CALL NUMBER |
| Classification number |
RT 51 .M43 |
| 082 04 - DEWEY DECIMAL CLASSIFICATION NUMBER |
| Classification number |
610.73 |
| Edition number |
23 |
| 100 ## - MAIN ENTRY--PERSONAL NAME |
| Personal name |
Edited by Cromar, Keelin C. |
| 245 00 - TITLE STATEMENT |
| Title |
Medical-surgical nursing made incredibly easy! / |
| Statement of responsibility, etc |
clinical editors, Keelin C. Cromar, MSN, RN, Adjunct Faculty, Wilson School of Nursing, Midwestern State University, Wichita Falls, Texas, Casey Moebius, DNP, RN, Assistant Professor, department of Nurse Education, Del Mar College, Corpus Chrisiti, Texas. |
| 250 ## - EDITION STATEMENT |
| Edition statement |
5th ed. |
| 264 #1 - PUBLICATION, DISTRIBUTION, ETC. (IMPRINT) |
| Place of publication, distribution, etc |
Philadelphia : |
| Name of publisher, distributor, etc |
Wolters Kluwer, |
| Date of publication, distribution, etc |
2023 |
| 264 #4 - PUBLICATION, DISTRIBUTION, ETC. (IMPRINT) |
| Date of publication, distribution, etc |
2023 |
| Place of publication, distribution, etc |
Philadelphia : |
| Name of publisher, distributor, etc |
Wolters Kluwer, |
| 300 ## - PHYSICAL DESCRIPTION |
| Extent |
xii, 984 pages : |
| Other physical details |
illustrations (chiefly color) ; |
| Dimensions |
23 cm |
| 336 ## - CONTENT TYPE |
| Content type term |
text |
| Content type code |
txt |
| Source |
rdacontent |
| 337 ## - MEDIA TYPE |
| Media type term |
unmediated |
| Media type code |
n |
| Source |
rdamedia |
| 338 ## - CARRIER TYPE |
| Carrier type term |
volume |
| Carrier type code |
nc |
| Source |
rdacarrier |
| 490 1# - SERIES STATEMENT |
| Series statement |
Incredibly easy |
| 504 ## - BIBLIOGRAPHY, ETC. NOTE |
| Bibliography, etc |
Includes bibliographical references and index. |
| 505 00 - FORMATTED CONTENTS NOTE |
| Title |
Medical-surgical nursing practice / |
| Statement of responsibility |
Casey Moebius -- |
| Title |
Nursing process / |
| Statement of responsibility |
Keelin C. Cromar -- |
| Title |
Fluids and electrolytes / |
| Statement of responsibility |
Kathryn Toche O'Grady -- |
| Title |
Perioperative care / |
| Statement of responsibility |
Marcy A. Geary -- |
| Title |
Pain management / |
| Statement of responsibility |
Carol A. Strasburger Miller -- |
| Title |
Neurologic disorders / |
| Statement of responsibility |
Charity Hacker -- |
| Title |
Eye disorders / |
| Statement of responsibility |
Benita Hays Smith -- |
| Title |
Ear, nose, and throat disorders / |
| Statement of responsibility |
Melody L. Skinner -- |
| Title |
Cardiovascular disorders / |
| Statement of responsibility |
Keelin C. Cromar -- |
| Title |
Respiratory disorders / |
| Statement of responsibility |
Keelin C. Cromar -- |
| Title |
Gastrointestinal disorders / |
| Statement of responsibility |
Abram Bustamante -- |
| Title |
Endocrine disorders / |
| Statement of responsibility |
Lisa Vaira -- |
| Title |
Renal and urologic disorders / |
| Statement of responsibility |
Kim Chapman -- |
| Title |
Reproductive system disorders / |
| Statement of responsibility |
Lisa Vaira -- |
| Title |
Musculoskeletal disorders / |
| Statement of responsibility |
Robyn Mitchell -- |
| Title |
Hematologic and lymphatic disorders / |
| Statement of responsibility |
Hannah M. Lopez -- |
| Title |
Immunologic disorders / |
| Statement of responsibility |
Rachel Reitan -- |
| Title |
Skin disorders / |
| Statement of responsibility |
Sean Kevin Skinner -- |
| Title |
Cancer care / |
| Statement of responsibility |
Hannah M. Lopez -- |
| Title |
Obesity / |
| Statement of responsibility |
Sarah Beth Wedel -- |
| Title |
Gerontologic care / |
| Statement of responsibility |
Linda Earwood -- |
| Title |
End-of-life care / |
| Statement of responsibility |
Darla Green. |
| 520 ## - SUMMARY, ETC. |
| Summary, etc |
"Feeling anxious or unsure about medical-surgical nursing care? Get grounded in the latest best practices, with the freshly updated Medical-Surgical Nursing Made Incredibly Easy!ʼ, 5th Edition. This colorful fully illustrated guide offers clear, concise descriptions of crucial medical-surgical nursing concepts and procedures, with learning aids that help you grasp skills and concepts easily, in an enjoyable Incredibly Easy style. From assessment and diagnostics to current evidence-based treatments and interventions, this is the perfect backup to class materials, helpful support for new nurses, and a handy refresher for experienced nurses. Be expertly guided into a solid foundation in medical-surgical care, with: NEW and updated statistics and guidelines on current medical-surgical nursing practice in a concise, quick-scan outline format The "need-to-know" basics, including the most common disorders medical-surgical nurses encounter Chapters address disorders by body system - neurologic, cardiovascular, respiratory, gastrointestinal, endocrine, renal and urologic, reproductive, musculoskeletal, and more Chapters offer vital foundational knowledge, with expert direction on: Essential elements of medical-surgical nursing practice and the nursing process Fluids and electrolytes, perioperative care, and pain management Diagnostic testing - CT, MRI, and PET scan imaging, x-rays, biopsies, EMGs, and more Additional chapters on cancer care, obesity, gerontologic care, and end-of-life care Current data and best practices on assessing and treating common disorders - Reviews of anatomy and physiology, step-by-step guidance on assessments and history-taking, and diagnostic testing, including patient preparation, monitoring, teaching points, and developing a plan of care Hundreds of colorful diagrams, drawings, and charts that illustrate core terms and concepts, with easy-to-retain definitions "Practice Makes Perfect" end-of-book practice exam with NCLEXʼ-style questions in current exam format Chapter features include: Memory jogger - Acronyms and other memory tricks that help you remember key concepts and treatments A closer look - Illustrations that explain anatomy, physiology, and complex pathways Education edge - Practical guidance for effective patient teaching What do I do? - Steps to take in emergency situations Stop, look, and listen - Elements of assessment for a particular body system Weighing the evidence - Evidence-based practice pointers that support nursing actions Quick quiz - End-of-chapter multiple-choice questions to help you retain chapter content, followed by answers and rationales Nurse Joy and Jake illustrated characters offer tips and insights throughout." |
| Assigning source |
--Amazon. |
| 650 #0 - SUBJECT ADDED ENTRY--TOPICAL TERM |
| Topical term or geographic name as entry element |
Surgical nursing |
| Form subdivision |
Handbooks, manuals, etc. |
| 650 #0 - SUBJECT ADDED ENTRY--TOPICAL TERM |
| Topical term or geographic name as entry element |
Nursing |
| Form subdivision |
Handbooks, manuals, etc. |
| 650 12 - SUBJECT ADDED ENTRY--TOPICAL TERM |
| Topical term or geographic name as entry element |
Nursing Care |
| General subdivision |
methods |
| 650 22 - SUBJECT ADDED ENTRY--TOPICAL TERM |
| Topical term or geographic name as entry element |
Perioperative Nursing |
| General subdivision |
methods |
| 650 #6 - SUBJECT ADDED ENTRY--TOPICAL TERM |
| Topical term or geographic name as entry element |
Soins infirmiers en chirurgie |
| Form subdivision |
Guides, manuels, etc. |
| 650 #7 - SUBJECT ADDED ENTRY--TOPICAL TERM |
| Topical term or geographic name as entry element |
Nursing. |
| Source of heading or term |
fast |
| Authority record control number |
(OCoLC)fst01041731 |
| 650 #7 - SUBJECT ADDED ENTRY--TOPICAL TERM |
| Topical term or geographic name as entry element |
Surgical nursing. |
| Source of heading or term |
fast |
| Authority record control number |
(OCoLC)fst01139464 |
| 655 #2 - INDEX TERM--GENRE/FORM |
| Genre/form data or focus term |
Handbook |
| 655 #7 - INDEX TERM--GENRE/FORM |
| Genre/form data or focus term |
Handbooks and manuals. |
| Source of term |
fast |
| Authority record control number |
(OCoLC)fst01423877 |
| 655 #7 - INDEX TERM--GENRE/FORM |
| Genre/form data or focus term |
Handbooks and manuals. |
| Source of term |
lcgft |
| 655 #7 - INDEX TERM--GENRE/FORM |
| Genre/form data or focus term |
Guides et manuels. |
| Source of term |
rvmgf |
| 700 1# - ADDED ENTRY--PERSONAL NAME |
| Personal name |
Cromar, Keelin C., |
| Relator term |
editor. |
| 700 1# - ADDED ENTRY--PERSONAL NAME |
| Personal name |
Moebius, Casey, |
| Relator term |
editor. |
| 830 #0 - SERIES ADDED ENTRY--UNIFORM TITLE |
| Uniform title |
Incredibly easy (Philadelphia, Pa.) |
| 906 ## - LOCAL DATA ELEMENT F, LDF (RLIN) |
| a |
7 |
| b |
cbc |
| c |
copycat |
| d |
2 |
| e |
ncip |
| f |
20 |
| g |
y-gencatlg |
| 942 ## - ADDED ENTRY ELEMENTS (KOHA) |
| Source of classification or shelving scheme |
Library of Congress Classification |
| Koha item type |
Books |